000 00441nam a22001337a 4500
040 _cNUST
082 _a200 THE
100 _aKashif Mehmood
_951454
110 _aDr Fahad Mumtaz Malik
_991247
245 _aTH-SOF-0857-Sampled-Data Backstepping Controller For Gyroscope With Control Design Based On Approximate Discrete-Time Model
260 _aISLAMABAD:
_bNUST COLLEGE OF EME,
_c2013.
650 _aMS-ELECT-67
_986907
942 _2ddc
_cTHE
999 _c589423
_d589423